Synchronization : A universal concept in nonlinear sciences
The first half of this book describes synchronization without formulae, and is based on qualitative intuitive ideas. The second half of the book presents the main effects of synchronization in a rigorous and systematic manner, describing both classical results on synchronization of periodic oscillat...
保存先:
| 第一著者: | |
|---|---|
| フォーマット: | 図書 |
| 言語: | Undetermined |
| 出版事項: |
Cambridge
Cambridge University Press
2001
|
| 主題: | |
| タグ: |
タグ追加
タグなし, このレコードへの初めてのタグを付けませんか!
|
| Thư viện lưu trữ: | Trung tâm Học liệu Trường Đại học Cần Thơ |
|---|
| LEADER | 01076nam a2200217Ia 4500 | ||
|---|---|---|---|
| 001 | CTU_166588 | ||
| 008 | 210402s9999 xx 000 0 und d | ||
| 020 | |c 70 | ||
| 082 | |a 003.75 | ||
| 082 | |b P636 | ||
| 100 | |a Pikovsky, Arkady | ||
| 245 | 0 | |a Synchronization : | |
| 245 | 2 | |b A universal concept in nonlinear sciences | |
| 245 | 0 | |c Arkady Pikovsky, Michael Rosenblum, Jurgen Kurths | |
| 260 | |a Cambridge | ||
| 260 | |b Cambridge University Press | ||
| 260 | |c 2001 | ||
| 520 | |a The first half of this book describes synchronization without formulae, and is based on qualitative intuitive ideas. The second half of the book presents the main effects of synchronization in a rigorous and systematic manner, describing both classical results on synchronization of periodic oscillators and recent developments in chaotic systems, large ensembles, and oscillatory media. | ||
| 650 | |a Synchronization,Nonlinear theories,Đồng bộ hóa,Lý thuyết phi tuyến tính | ||
| 904 | |i lan anh, Trúc | ||
| 980 | |a Trung tâm Học liệu Trường Đại học Cần Thơ | ||